00266nam a2200097Ia 4500008004100000020002200041082001600063100001400079245006700093300000800160210430s9999 xx 000 0 und d a978-0-387-75577-9 a620.5 C966N aZheng Cui aNanofabrication Principles, Capabilities and LimitscZheng Cui a344